Phương pháp và tư liệu giảng dạy môn giáo dục công dân

Shranjeno v:
Bibliografske podrobnosti
Glavni avtor: Lê, Đức Quảng
Format: Knjiga
Jezik:Undetermined
Izdano: Hà Nội Giáo Dục 1998
Teme:
Oznake: Označite
Brez oznak, prvi označite!
Thư viện lưu trữ: Trung tâm Học liệu Trường Đại học Cần Thơ
LEADER 00607nam a2200193Ia 4500
001 CTU_37202
008 210402s9999 xx 000 0 und d
020 |c 5500 
082 |a 370.115 
082 |b Qu106 
100 |a Lê, Đức Quảng 
245 0 |a Phương pháp và tư liệu giảng dạy môn giáo dục công dân 
245 0 |c Lê Đức Quảng 
260 |a Hà Nội 
260 |b Giáo Dục 
260 |c 1998 
650 |a Moral education ( secondary ),Educational accountability 
910 |a Huỳnh Mai 
980 |a Trung tâm Học liệu Trường Đại học Cần Thơ